Espírito do jornalismo

Na minha lista:
Detalhes bibliográficos
Autor principal: Jobim, Danton (Autor)
Formato: Livro
Idioma:português
Publicado em: Río de Janeiro Livraria Sao José 1963
Assuntos:
Tags: Adicionar Tag
Sem tags, seja o primeiro a adicionar uma tag!

MARC

LEADER 00000nam a2200000 a 4500
001 UCZ1814
003 CL-VaPUC
008 950907e19630000BL |||||||||||||||||por|d
082 0 4 |a 071.4  |b JOB  |2 21 
100 0 |a Jobim, Danton  |e author  |9 345443 
245 1 0 |a Espírito do jornalismo 
300 |a 246 p 
942 |c BK 
945 |d 19950907 00:00:00  |a rbrito 
260 |a Río de Janeiro  |b Livraria Sao José  |c 1963 
650 0 |a Periodismo   |9 310113 
650 0 |a Periodistas   |9 335499 
650 0 |a Ética periodística  |9 257096 
650 0 |a Historia  |9 255047 
650 0 |a Opinión pública  |9 255512 
650 0 |a Relaciones Internacionales  |9 255740 
583 |a last modification  |c 19950907 00:00:00  |k Rodrigo Vera 
999 |c 238514  |d 238512 
952 |0 0  |1 0  |2 ddc  |4 0  |6 071_400000000000000_JOB_1963  |7 0  |8 A  |9 248734  |a BIBCUR  |b BIBCUR  |c PAC  |d 2019-11-18  |i 3099725  |o 071.4 JOB 1963  |p 3099725  |r 2025-04-22  |w 2019-11-18  |y BK  |k PER